Entry Personal Name
Number of records used in: 1
001 - CONTROL NUMBER
003 - CONTROL NUMBER IDENTIFIER
005 - DATE AND TIME OF LATEST TRANSACTION
- control field:
20231206144731.0
008 - FIXED-LENGTH DATA ELEMENTS
- fixed length control field:
840418n| azannaab |a aaa
010 ## - LIBRARY OF CONGRESS CONTROL NUMBER
- LC control number:
n 84003133
040 ## - CATALOGING SOURCE
- Original cataloging agency:
DLC
- Transcribing agency:
DLC
- Description conventions:
rda
- Modifying agency:
DLC
046 ## - SPECIAL CODED DATES
100 1# - HEADING--PERSONAL NAME
- Personal name:
Roncaglia, Alessandro,
- Dates associated with a name:
1947-
400 1# - SEE FROM TRACING--PERSONAL NAME
- Personal name:
Roncaglia, A.
- Fuller form of name:
(Alessandro),
- Dates associated with a name:
1947-
670 ## - SOURCE DATA FOUND
- Source citation:
His The international oil market, 1985:
- Information found:
CIP t.p. (Alessandro Roncaglia)
670 ## - SOURCE DATA FOUND
- Source citation:
LC data base, 10-16-84
- Information found:
(hdg.: Roncaglia, Alessandro, 1947-)
670 ## - SOURCE DATA FOUND
- Source citation:
Istituzioni e mercato nello sviluppo economico, 1990:
- Information found:
t.p. (A. Roncaglia) p. v (Alessandro Roncaglia)